MAHABHARATA (Record no. 23703)

MARC details
000 -LEADER
fixed length control field 00313nam a2200133Ia 4500
008 - FIXED-LENGTH DATA ELEMENTS--GENERAL INFORMATION
fixed length control field 240624s9999 xx 000 0 und d
041 ## - LANGUAGE CODE
Language code of text/sound track or separate title eng
082 ## - DEWEY DECIMAL CLASSIFICATION NUMBER
Classification number 200 NAR
100 ## - MAIN ENTRY--PERSONAL NAME
Personal name NARAYAN R K
245 ## - TITLE STATEMENT
Title MAHABHARATA
260 ## - PUBLICATION, DISTRIBUTION, ETC.
Date of publication, distribution, etc. 2012
Place of publication, distribution, etc. New Delhi
Name of publisher, distributor, etc. Vision Books
300 ## - PHYSICAL DESCRIPTION
Extent 192 : p. : cm. ; 23
365 ## - TRADE PRICE
Currency code RS
Price amount 25
Holdings
Withdrawn status Lost status Damaged status Not for loan Home library Current library Shelving location Date acquired Source of acquisition Cost, normal purchase price Total Checkouts Full call number Barcode Date last seen Date last checked out Copy number Price effective from Koha item type
        IMTN IMTN Rack 4-A 11/05/2014 VBC 199.00 1 200 NAR 23703 12/02/2024 07/06/2024 1 06/24/2024 Books
Designed & Maintained by: LRC IMT Nagpur Contact: lrc@imtnag.ac.in© 2024. All Rights Reserved.